Movies Quiz

Random Movies or Quote Quiz

Best Pictures By Quote (1990-2009) Quiz Stats

 Plays Quiz Updated Jun 12, 2018

Challenge
Share
Tweet
Embed
Score 0/20 Timer 05:00
5 Plays Today
Quote Movie % Correct
When I was in China on the All-American Ping Pong team, I just loved playing ping-pong with my Flexolite ping pong paddle. Forrest Gump
86.8%
You can't keep us locked up in here like animals - the ship's bloody sinking! Titanic
78.4%
I don't think there will be a return journey, Mr. Frodo. The Return of the King
75.3%
I do wish we could chat longer, but I'm having an old friend for dinner. Bye. The Silence of the Lambs
70.3%
Go back to England and tell them there that Scotland's daughters and her sons are yours no more.Braveheart
69.9%
Father to a murdered son, husband to a murdered wife. And I will have my vengeance.Gladiator
57.3%
I am 42 years old; in less than a year I will be dead. Of course I don't know that yet, and in a way, I am dead already. American Beauty
48.8%
There has to be a mathematical explanation for how bad that tie is. A Beautiful Mind
43.3%
This trial... the whole world... it's all... show business. Chicago
33.8%
Let us have pirates, clowns, and a happy ending, or we shall send you back to Stratford to your wife! Shakespeare in Love
31.6%
Quote Movie % Correct
I am Wind In His Hair. Do you see that I am your friend? Can you see that you will always be my friend?Dances With Wolves
29.1%
It's from the Talmud. It says, 'Whoever saves one life, saves the world entire.' Schindler's List
27.3%
I'll wait for you at the train station every day at fiveSlumdog Millionaire
23.2%
I mean, sooner or later, you gotta find out what it's really like to be black. Crash
23.1%
There's enough bang in there to blow us all to Jesus. If I'm gonna die, I want to die comfortable. The Hurt Locker
21.1%
I don't want to be a product of my environment. I want my environment to be a product of me.The Departed
19.5%
A man who will keep his head and not get rattled under fire, like as not, he'll kill ya. It ain't so easy to shoot a man anyhow, especially if the son-of-a-bitch is shootin' backUnforgiven
18.4%
'Mo cuishle' means my darling. My blood. Million Dollar Baby
17.4%
And then I woke up...No Country for Old Men
13.2%
Of course, you idiot. I always wear it; I've always worn it; I've always loved you.The English Patient
11.3%

You're not logged in!

Compare scores with friends on all Sporcle quizzes.
OR
Log In

You Might Also Like...

Show Comments

Extras

Top Quizzes Today


Score Distribution

Your Account Isn't Verified!

In order to create a playlist on Sporcle, you need to verify the email address you used during registration. Go to your Sporcle Settings to finish the process.

Report this User

Report this user for behavior that violates our Community Guidelines.

Details: